Reasonable access to the physical built environment for the disabled (Record no. 106934)
[ view plain ]
| 000 -LEADER | |
|---|---|
| fixed length control field | 01085cam a22002055a 4500 |
| 001 - CONTROL NUMBER | |
| control field | L137916 |
| 008 - FIXED-LENGTH DATA ELEMENTS--GENERAL INFORMATION | |
| fixed length control field | 070508s2005 xxk f 100 0 eng d |
| 035 ## - SYSTEM CONTROL NUMBER | |
| System control number | (Sirsi) u137916 |
| 041 0# - LANGUAGE CODE | |
| Language code of text/sound track or separate title | eng |
| 100 1# - MAIN ENTRY--PERSONAL NAME | |
| Personal name | Male, Steven |
| 245 00 - TITLE STATEMENT | |
| Title | Reasonable access to the physical built environment for the disabled |
| Remainder of title | a methodological exploration |
| Medium | [electronic resource] |
| 260 ## - PUBLICATION, DISTRIBUTION, ETC. | |
| Date of publication, distribution, etc. | 2005 |
| 520 ## - SUMMARY, ETC. | |
| Summary, etc. | Discusses a pan European strategic need to determine the policy, technical expression and business case implications concerning the question of "reasonableness" applied to the provision of access and accommodation to disabled persons in the physical built environment. |
| 651 #4 - SUBJECT ADDED ENTRY--GEOGRAPHIC NAME | |
| Geographic name | EUROPEAN UNION |
| 690 ## - LOCAL SUBJECT ADDED ENTRY--TOPICAL TERM (OCLC, RLIN) | |
| Topical term or geographic name as entry element | MANAGEMENT-BUSINESS MANAGEMENT-DISCRIMINATION-DISABILITY DISCRIMINATION-ACCESSIBILITY |
| 700 1# - ADDED ENTRY--PERSONAL NAME | |
| Personal name | Spiteri, Joseph |
| 711 2# - ADDED ENTRY--MEETING NAME | |
| Meeting name or jurisdiction name as entry element | Construction and building Research Conference |
| Location of meeting | University of Queensland, Brisbane |
| Date of meeting or treaty signing | 4-5 July 2005 |
| 856 40 - ELECTRONIC LOCATION AND ACCESS | |
| Uniform Resource Identifier | <a href="https://www.rics.org/site/scripts/download_info.aspx?downloadID=2584">https://www.rics.org/site/scripts/download_info.aspx?downloadID=2584</a> |
| Public note | View the item free of charge at www.rics.org... |
| 942 ## - ADDED ENTRY ELEMENTS (KOHA) | |
| Suppress in OPAC | 0 |
| Withdrawn status | Lost status | Source of classification or shelving scheme | Damaged status | Not for loan | Home library | Current library | Shelving location | Date acquired | Total Checkouts | Full call number | Barcode | Date last seen | Copy number | Price effective from | Koha item type |
|---|---|---|---|---|---|---|---|---|---|---|---|---|---|---|---|
| Dewey Decimal Classification | Virtual | Virtual | Online | 08/05/2007 | ONLINE PUBLICATION | 137916-2001 | 06/08/2019 | 1 | 06/08/2019 | Book |